000 00804nam a2200277 4500
001 2020
010 _a9789722369886
021 _aPT
_b503804/22
090 _a2020
100 _a20251215d2022 m||y0pory50030103ba
101 _apor
102 _aPT
200 _aOs pilares da Terra
_fKen Follett
_gtrad. Alice Rocha
205 _a1ª edição especial e limitada
210 _aLisboa
_c Presença
_d2022
215 _a973 p.
_cil.
_d23 cm
225 _aGrandes narrativas
_v797
300 _aBMB-Registado
304 _aTít. orig.: The pillars of the Earth
606 _9824
_aLiteratura Inglesa
606 _9953
_aRomance Histórico
675 _a821.111-311.6
_vBMB
_zpor
700 _aFollett
_bKen
_f1949-
_92862
702 _aRocha
_bFátima Alice Caldeira
_4730
_92892
801 _aPT
_bBMB
_gRPC
990 _cLIVROS